[Event "Titled Tuesday intern op 14th Jan Early"]
[Site "Chess.com INT"]
[Date "2025.01.14"]
[Round "1"]
[White "Maevsky, Nikolay"]
[Black "Yunusov, Nuriddin"]
[Result "1-0"]
[WhiteElo "2180"]
[BlackElo "1957"]
[PlyCount "47"]
[EventDate "2025.01.14"]
[EventType "swiss (blitz)"]
[EventRounds "11"]
[EventCountry "USA"]
[SourceTitle "CB04_2025"]
[SourceDate "2025.01.22"]
[SourceVersion "1"]
[SourceVersionDate "2025.01.22"]
[SourceQuality "1"]

1. d4 Nf6 2. Nf3 e6 3. e3 b6 4. Bd3 Bb7 5. 0-0 d5 6. b3 Bd6 7. Bb2 0-0 8. Nbd2 c5 9. Ne5 Nbd7 10. f4 Ne4 11. Nxd7 Qxd7 12. Nxe4 dxe4 13. Bc4 Rfd8 14. Qg4 b5 15. dxc5 Bf8 16. Be2 f5 17. Qg3 b4 18. Rad1 Qc7 19. Bc4 Bd5 20. Bxd5 exd5 21. Qg5 Qxc5 22. Bd4 Qxc2 23. Rc1 h6 24. Qxd8 1-0

[Event "Titled Tuesday intern op 07th Jan Early"]
[Site "Chess.com INT"]
[Date "2025.01.07"]
[Round "4"]
[White "Dylag, Emilia"]
[Black "Maevsky, Nikolay"]
[Result "1-0"]
[WhiteElo "2108"]
[BlackElo "2180"]
[PlyCount "121"]
[EventDate "2025.01.07"]
[EventType "swiss (blitz)"]
[EventRounds "11"]
[EventCountry "USA"]
[SourceTitle "CB03_2025"]
[SourceDate "2025.01.15"]
[SourceVersion "1"]
[SourceVersionDate "2025.01.15"]
[SourceQuality "1"]

1. Nf3 c5 2. e3 Nf6 3. d4 d5 4. b3 Nc6 5. Bb2 e6 6. Nbd2 Bd6 7. a3 Qc7 8. Bd3 e5 9. dxc5 Bxc5 10. e4 d4 11. 0-0 a5 12. Nh4 Bg4 13. f3 Bd7 14. Qe2 0-0 15. Kh1 Rfe8 16. Rae1 Rac8 17. g4 g6 18. Ng2 Be6 19. Bc4 Bxc4 20. Qxc4 Qe7 21. Ra1 Nd8 22. Qd3 Ne6 23. Nc4 Nd7 24. Nxa5 b6 25. Nc4 b5 26. Nd2 Rb8 27. b4 Ba7 28. Nb3 Rec8 29. Rac1 Nb6 30. Nd2 Na4 31. Ba1 Nc3 32. Bxc3 Rxc3 33. Qe2 Rxa3 34. Rb1 Qc7 35. Nb3 Ra2 36. Rfc1 Qc4 37. Qd2 Bb6 38. Ra1 Rba8 39. Rxa2 Rxa2 40. Qd3 Qxb4 41. Ne1 Nf4 42. Qd1 Qc3 43. Ng2 Nh3 44. Qe1 Qc4 45. f4 exf4 46. e5 f3 47. Nh4 f2 48. Qf1 Rxc2 49. Rxc2 Qxc2 50. Nc1 Qe4+ 51. Ng2 d3 52. Nxd3 Qf3 53. e6 fxe6 54. Ne5 Qe4 55. Nd7 Bc7 56. Nf6+ Kf7 57. Nxe4 Be5 58. Nxf2 Ng5 59. Ne4+ Kg7 60. Nxg5 Bf6 61. Nxe6+ 1-0

[Event "Titled Tuesday intern op 07th Jan Early"]
[Site "Chess.com INT"]
[Date "2025.01.07"]
[Round "10"]
[White "Gasparyan, Davit"]
[Black "Maevsky, Nikolay"]
[Result "1-0"]
[WhiteElo "2263"]
[BlackElo "2180"]
[PlyCount "99"]
[EventDate "2025.01.07"]
[EventType "swiss (blitz)"]
[EventRounds "11"]
[EventCountry "USA"]
[SourceTitle "CB03_2025"]
[SourceDate "2025.01.15"]
[SourceVersion "1"]
[SourceVersionDate "2025.01.15"]
[SourceQuality "1"]

1. e4 c6 2. d4 d5 3. Nc3 dxe4 4. Nxe4 Bf5 5. Ng3 Bg6 6. Bc4 e6 7. Nf3 Nd7 8. Qe2 Ngf6 9. Bg5 Be7 10. h4 h6 11. Bf4 Nd5 12. Bd2 Bxc2 13. Nh5 Bg6 14. Nxg7+ Kf8 15. h5 Kxg7 16. hxg6 fxg6 17. Qxe6 Nf8 18. Qe2 Bf6 19. 0-0-0 Qd6 20. Kb1 b5 21. Bd3 a5 22. g4 g5 23. Ne5 Re8 24. Rde1 Nd7 25. Qe4 Bxe5 26. dxe5 Rxe5 27. Qf3 Rhe8 28. Rd1 b4 29. Bf5 Nc5 30. Be3 Rxe3 31. fxe3 Qe5 32. e4 Nf4 33. Qe3 Re7 34. Qd2 Ncd3 35. Rhf1 c5 36. Qc2 Kf6 37. Rxd3 Nxd3 38. Qxd3 Kg7 39. Qc4 Qd6 40. Qc2 Qe5 41. Rd1 a4 42. Qc4 Rc7 43. Rd8 Qe7 44. Qg8+ Kf6 45. Rf8+ Ke5 46. Qd5+ Kf4 47. Qd2+ Kg3 48. Rd8 a3 49. Rd3+ Kh4 50. Qh2# 1-0

[Event "Titled Tuesday intern op 07th Jan Early"]
[Site "Chess.com INT"]
[Date "2025.01.07"]
[Round "7"]
[White "Harshavardhan, GB."]
[Black "Maevsky, Nikolay"]
[Result "1-0"]
[WhiteElo "2405"]
[BlackElo "2180"]
[PlyCount "131"]
[EventDate "2025.01.07"]
[EventType "swiss (blitz)"]
[EventRounds "11"]
[EventCountry "USA"]
[SourceTitle "CB03_2025"]
[SourceDate "2025.01.15"]
[SourceVersion "1"]
[SourceVersionDate "2025.01.15"]
[SourceQuality "1"]

1. Nf3 Nf6 2. c4 c5 3. g3 b6 4. Bg2 Bb7 5. 0-0 e6 6. Nc3 Be7 7. b3 0-0 8. Bb2 d6 9. d4 cxd4 10. Qxd4 a6 11. Rad1 Nbd7 12. e4 Qc7 13. Rfe1 Rac8 14. h3 Rfd8 15. Qe3 Qb8 16. Nd4 Re8 17. f4 Bf8 18. Nf3 h6 19. e5 dxe5 20. fxe5 Bxf3 21. Qxf3 Nxe5 22. Qe2 Ng6 23. Kh2 Bd6 24. Rd3 Red8 25. Ne4 Nxe4 26. Bxe4 Ne5 27. Rxd6 Qxd6 28. Bxe5 Qd2 29. Bf4 Qxe2+ 30. Rxe2 Rd7 31. a4 f5 32. Bf3 Kf7 33. h4 Rd3 34. Re3 Rcd8 35. Bb7 a5 36. Bg2 Rxe3 37. Bxe3 Rd6 38. c5 bxc5 39. Bxc5 Rd3 40. Bb6 Rxb3 41. Bxa5 Ra3 42. Bc6 g5 43. hxg5 hxg5 44. Bb4 Ra2+ 45. Kg1 Kg6 46. a5 e5 47. Be1 g4 48. Bb7 f4 49. a6 Ra1 50. Kf1 Kf5 51. Ke2 Ra2+ 52. Kd3 fxg3 53. Bxg3 Ra3+ 54. Kc2 Rxg3 55. Kb2 Rd3 56. Bc8+ Kf4 57. a7 Rd2+ 58. Kb3 g3 59. a8Q g2 60. Qa7 Rd1 61. Qf2+ Ke4 62. Qxg2+ Kd4 63. Qb2+ Ke3 64. Qxe5+ Kf2 65. Qf4+ Ke1 66. Bg4 1-0

[Event "Titled Tuesday intern op 07th Jan Early"]
[Site "Chess.com INT"]
[Date "2025.01.07"]
[Round "8"]
[White "Maevsky, Nikolay"]
[Black "Nguyen, Quang Anh"]
[Result "0-1"]
[WhiteElo "2180"]
[BlackElo "2031"]
[PlyCount "72"]
[EventDate "2025.01.07"]
[EventType "swiss (blitz)"]
[EventRounds "11"]
[EventCountry "USA"]
[SourceTitle "CB03_2025"]
[SourceDate "2025.01.15"]
[SourceVersion "1"]
[SourceVersionDate "2025.01.15"]
[SourceQuality "1"]

1. d4 Nf6 2. Nf3 c5 3. e3 d5 4. c3 Nc6 5. dxc5 e5 6. b4 e4 7. Nd4 Ne5 8. h3 a5 9. Bb2 Be7 10. a3 0-0 11. Nd2 b6 12. c6 axb4 13. cxb4 b5 14. Bxb5 Ba6 15. Bxa6 Rxa6 16. 0-0 Nd3 17. Qb3 Bd6 18. b5 Rb6 19. Nf5 Bc7 20. Bd4 Rb8 21. a4 Nh5 22. Qd1 Nf6 23. Nb3 Re8 24. Nc5 Nxc5 25. Bxc5 Re5 26. Ng3 Rg5 27. Qe1 h5 28. Rb1 h4 29. Ne2 Qc8 30. Kh1 Qf5 31. b6 Rxg2 32. Kxg2 Qf3+ 33. Kg1 Qxh3 34. Nf4 Bxf4 35. exf4 Ng4 36. Qxe4 Qh2# 0-1

[Event "Titled Tuesday intern op 07th Jan Early"]
[Site "Chess.com INT"]
[Date "2025.01.07"]
[Round "11"]
[White "Maevsky, Nikolay"]
[Black "Skrondal, Inge Sandstad"]
[Result "1-0"]
[WhiteElo "2180"]
[BlackElo "2285"]
[PlyCount "65"]
[EventDate "2025.01.07"]
[EventType "swiss (blitz)"]
[EventRounds "11"]
[EventCountry "USA"]
[SourceTitle "CB03_2025"]
[SourceDate "2025.01.15"]
[SourceVersion "1"]
[SourceVersionDate "2025.01.15"]
[SourceQuality "1"]

1. d4 f5 2. Bg5 c6 3. Nd2 Qb6 4. e4 Qxb2 5. exf5 Qxd4 6. Ngf3 Qa4 7. Bd3 Nf6 8. 0-0 Na6 9. Nb3 Nb4 10. Bxf6 gxf6 11. Be2 Bg7 12. Nfd4 0-0 13. Re1 Nd5 14. Qd2 Qb4 15. Qd3 a5 16. c4 Nc7 17. Bf3 a4 18. a3 Qd6 19. c5 Qf4 20. Re4 Qh6 21. Nd2 e5 22. Ne2 Nd5 23. Ng3 Ra5 24. Rc4 Re8 25. Bxd5+ cxd5 26. Qxd5+ Kh8 27. Nde4 b6 28. Nd6 Rf8 29. Nf7+ Rxf7 30. Qxf7 Rxc5 31. Rxc5 bxc5 32. Qe8+ Bf8 33. Qxc8 1-0

[Event "Titled Tuesday intern op 16th Jul Early"]
[Site "Chess.com INT"]
[Date "2024.07.16"]
[Round "8"]
[White "Kushko, Dmitriy"]
[Black "Maevsky, Nikolay"]
[Result "1-0"]
[WhiteElo "2444"]
[BlackElo "2180"]
[PlyCount "93"]
[EventDate "2024.07.16"]
[EventType "swiss (blitz)"]
[EventRounds "11"]
[EventCountry "USA"]
[SourceTitle "EXT 2025"]
[Source "ChessBase"]
[SourceDate "2024.10.14"]
[SourceVersion "1"]
[SourceVersionDate "2024.10.14"]
[SourceQuality "1"]

1. Nf3 Nf6 2. c4 c6 3. Nc3 d5 4. e3 a6 5. h3 g6 6. d4 Bg7 7. Be2 0-0 8. 0-0 Bf5 9. Qb3 Ra7 10. Bd2 Ne4 11. cxd5 Nxc3 12. Bxc3 cxd5 13. Ne5 Be6 14. Nd3 Nd7 15. Nf4 Nf6 16. Nxe6 fxe6 17. Bd3 Qd7 18. Rfc1 Raa8 19. a4 Rac8 20. Bd2 Rxc1+ 21. Rxc1 Rc8 22. Rc3 Ne8 23. Qd1 e5 24. Rxc8 Qxc8 25. dxe5 Bxe5 26. Qb3 Nf6 27. e4 e6 28. exd5 exd5 29. Bg5 Kg7 30. Bxf6+ Kxf6 31. Qxd5 Qc1+ 32. Bf1 Qxb2 33. g3 Bd4 34. Qf3+ Kg7 35. Kg2 Qb4 36. Bd3 Qe7 37. h4 b6 38. h5 a5 39. hxg6 hxg6 40. Qc6 Qf6 41. Qc7+ Kh6 42. Qc2 Qd6 43. f4 Bc5 44. Be4 Qd4 45. Kh3 Qd7+ 46. f5 gxf5 47. Bxf5 1-0

[Event "Titled Tuesday intern op 16th Jul Early"]
[Site "Chess.com INT"]
[Date "2024.07.16"]
[Round "9"]
[White "Maevsky, Nikolay"]
[Black "Gonzalez Mojica, Renan Arturo"]
[Result "1-0"]
[WhiteElo "2180"]
[BlackElo "2003"]
[PlyCount "43"]
[EventDate "2024.07.16"]
[EventType "swiss (blitz)"]
[EventRounds "11"]
[EventCountry "USA"]
[SourceTitle "EXT 2025"]
[Source "ChessBase"]
[SourceDate "2024.10.14"]
[SourceVersion "1"]
[SourceVersionDate "2024.10.14"]
[SourceQuality "1"]

1. c4 e5 2. g3 Nf6 3. Nc3 c6 4. Nf3 e4 5. Nd4 d5 6. cxd5 cxd5 7. d3 exd3 8. Qxd3 Nc6 9. Nxc6 bxc6 10. Bg2 Bd6 11. 0-0 0-0 12. b3 Re8 13. Bb2 a5 14. Rfe1 Ba6 15. Qc2 Qd7 16. e3 h5 17. Na4 Ne4 18. Red1 Qf5 19. Rac1 h4 20. Nc3 Rac8 21. Nxe4 dxe4 22. Rxd6 1-0

[Event "Titled Tuesday intern op 29th Aug Early"]
[Site "Chess.com INT"]
[Date "2023.08.29"]
[Round "4"]
[White "Gordon, Frederick"]
[Black "Maevsky, Nikolay"]
[Result "1-0"]
[WhiteElo "2253"]
[BlackElo "2180"]
[PlyCount "141"]
[EventDate "2023.08.29"]
[EventType "swiss (blitz)"]
[EventRounds "11"]
[EventCountry "USA"]
[SourceTitle "EXT 2024"]
[Source "ChessBase"]
[SourceDate "2023.10.10"]
[SourceVersion "1"]
[SourceVersionDate "2023.10.10"]
[SourceQuality "1"]

1. Nf3 Nf6 2. g3 b5 3. b3 Bb7 4. Bg2 e6 5. Bb2 c5 6. 0-0 Be7 7. c4 a6 8. d3 0-0 9. Nbd2 d6 10. e4 Nbd7 11. Re1 Qc7 12. Qc2 Rfe8 13. Rac1 h6 14. h3 Rac8 15. Qb1 Qb8 16. Qa1 Bf8 17. Nh2 Qa8 18. f4 e5 19. f5 Be7 20. g4 Nh7 21. Ndf3 Ng5 22. h4 Nxf3+ 23. Nxf3 Nf6 24. Bh3 Nh7 25. Rc2 Rc7 26. Rf2 Qd8 27. h5 Ng5 28. Nxg5 Bxg5 29. Rf3 Bc6 30. Bc3 Rb7 31. Qd1 Qc7 32. Bd2 Bxd2 33. Qxd2 f6 34. Kf2 Reb8 35. Rb1 bxc4 36. dxc4 Bxe4 37. Rd1 Bxf3 38. Kxf3 Rb6 39. Qd5+ Kh8 40. Bg2 a5 41. Ke2 a4 42. Rd3 axb3 43. axb3 Rxb3 44. Rxb3 Rxb3 45. Qe6 Rb2+ 46. Kf1 Rb8 47. Bd5 Rd8 48. Kg2 Qd7 49. Kf3 Qxe6 50. fxe6 Re8 51. Ke4 f5+ 52. Kxf5 Rf8+ 53. Ke4 g6 54. Bc6 gxh5 55. e7 Rc8 56. gxh5 Kg7 57. e8Q Rxe8 58. Bxe8 Kf6 59. Kd5 Kf5 60. Bg6+ Kf4 61. Kxd6 e4 62. Kxc5 e3 63. Bd3 Kf3 64. Kd6 e2 65. Bxe2+ Kxe2 66. c5 Kf3 67. c6 Kg4 68. c7 Kxh5 69. c8Q Kh4 70. Qf5 h5 71. Ke5 1-0

[Event "Titled Tuesday intern op 29th Aug Early"]
[Site "Chess.com INT"]
[Date "2023.08.29"]
[Round "1"]
[White "Maevsky, Nikolay"]
[Black "Fernandez, Michael"]
[Result "1-0"]
[WhiteElo "2180"]
[BlackElo "2152"]
[PlyCount "67"]
[EventDate "2023.08.29"]
[EventType "swiss (blitz)"]
[EventRounds "11"]
[EventCountry "USA"]
[SourceTitle "EXT 2024"]
[Source "ChessBase"]
[SourceDate "2023.10.10"]
[SourceVersion "1"]
[SourceVersionDate "2023.10.10"]
[SourceQuality "1"]

1. d4 d5 2. Nf3 Nf6 3. c4 c6 4. Nc3 e6 5. g3 Nbd7 6. Bg2 Be7 7. b3 0-0 8. 0-0 b6 9. Bf4 Bb7 10. Ne5 Nxe5 11. dxe5 Nd7 12. cxd5 cxd5 13. e4 Rc8 14. Rc1 Ba3 15. Rc2 Bb4 16. Qd4 Bxc3 17. Rxc3 Rxc3 18. Qxc3 dxe4 19. Rd1 Qc8 20. Qd4 Nc5 21. b4 Nd3 22. Bxe4 Nxf4 23. gxf4 Bxe4 24. Qxe4 a5 25. b5 Qc5 26. a4 g6 27. Rd6 Rc8 28. Kg2 Qc4 29. Rd4 Qc1 30. Qb7 Qc5 31. Rd7 Rf8 32. Qc6 Qb4 33. Kg3 Qa3+ 34. f3 1-0

[Event "Astana Zhuldyzdary op-A"]
[Site "Astana"]
[Date "2023.07.18"]
[Round "10"]
[White "Maevsky, Nikolay"]
[Black "Kaliakhmet, Elnaz"]
[Result "0-1"]
[WhiteElo "2277"]
[BlackElo "1818"]
[PlyCount "232"]
[EventDate "2023.07.11"]
[EventType "swiss"]
[EventRounds "10"]
[EventCountry "KAZ"]
[SourceTitle "EXT 2024"]
[Source "ChessBase"]
[SourceDate "2023.10.10"]
[SourceVersion "1"]
[SourceVersionDate "2023.10.10"]
[SourceQuality "1"]

1. c4 c5 2. Nc3 Nc6 3. g3 g6 4. Bg2 Bg7 5. a3 Nf6 6. Rb1 0-0 7. b4 d6 8. b5 Ne5 9. d3 Rb8 10. Bd2 b6 11. f4 Ned7 12. Nf3 e5 13. 0-0 Bb7 14. e4 exf4 15. gxf4 Nh5 16. Qc2 f5 17. Ng5 Qf6 18. Nd5 Bxd5 19. cxd5 c4 20. dxc4 fxe4 21. Nxe4 Qh4 22. Be1 Qg4 23. Qd1 Qxd1 24. Rxd1 Nxf4 25. Nxd6 Nc5 26. Bh4 Ncd3 27. Rd2 Bd4+ 28. Kh1 Be3 29. Rc2 g5 30. Bg3 Rbd8 31. Ne4 Rde8 32. Nc3 h5 33. h4 g4 34. Kh2 Bd4 35. Nd1 Be5 36. Be4 Nc5 37. Bg2 Ncd3 38. Rd2 Nxg2 39. Rxf8+ Rxf8 40. Rxd3 Nxh4 41. Bxe5 Nf3+ 42. Rxf3 Rxf3 43. Nc3 Kf7 44. Ne4 Re3 45. Nd6+ Kg6 46. Bf4 Rf3 47. Bg3 h4 48. Bxh4 Rh3+ 49. Kg2 Rxh4 50. Kg3 Kh5 51. Ne4 Rh3+ 52. Kf4 Rf3+ 53. Ke5 Kg6 54. d6 Rd3 55. Kf4 g3 56. Nxg3 Rxd6 57. Ke4 Kf6 58. Nh5+ Ke6 59. Nf4+ Kd7 60. Nd3 Re6+ 61. Kd5 Rd6+ 62. Ke4 Re6+ 63. Kd5 Re3 64. Kd4 Rh3 65. c5 bxc5+ 66. Nxc5+ Kc7 67. a4 Kb6 68. Nd7+ Ka5 69. Kc5 Rc3+ 70. Kd4 Rc2 71. Kd5 Rc7 72. Nc5 Kb6 73. Ne4 Rc1 74. Nd6 Rd1+ 75. Ke5 Ra1 76. Nc8+ Kb7 77. Nd6+ Kc7 78. a5 Rxa5 79. Kd5 Ra1 80. Kc5 Rh1 81. Nc4 Rh5+ 82. Kb4 Rg5 83. Ka4 Kd7 84. Ka5 Kc7 85. Kb4 Rg1 86. Kc5 Rb1 87. Na5 Ra1 88. Nc4 Ra4 89. Nb2 Ra1 90. Nc4 Rb1 91. Na5 Rc1+ 92. Nc4 Kd7 93. Kd5 Rc2 94. Ne5+ Kc7 95. Nc4 Rc1 96. Kc5 Kd7 97. Kd5 Rh1 98. Kc5 Rh5+ 99. Kb4 Ke6 100. Nb2 Kd5 101. Na4 Kd4 102. Nc3 Rh4 103. Na4 Rh5 104. Nc3 Rh1 105. Ne2+ Ke3 106. Nc3 Kd3 107. Nd5 Rh4+ 108. Ka5 Kc4 109. Nc7 Rh6 110. Na6 Rb6 111. Nc7 Rb7 112. Ne8 Kc5 113. Ka6 Re7 114. b6 axb6 115. Nc7 Re1 116. Kb7 b5 0-1

[Event "Astana Zhuldyzdary op-A"]
[Site "Astana"]
[Date "2023.07.14"]
[Round "5"]
[White "Volchkova, Alena"]
[Black "Maevsky, Nikolay"]
[Result "1-0"]
[WhiteElo "1824"]
[BlackElo "2277"]
[PlyCount "73"]
[EventDate "2023.07.11"]
[EventType "swiss"]
[EventRounds "10"]
[EventCountry "KAZ"]
[SourceTitle "CBM 215 Extra"]
[Source "ChessBase"]
[SourceDate "2023.09.30"]
[SourceVersion "1"]
[SourceVersionDate "2023.09.30"]
[SourceQuality "1"]

1. e4 c6 2. d4 d5 3. e5 Bf5 4. Nf3 e6 5. Be2 Nd7 6. 0-0 Bg6 7. a4 Ne7 8. a5 a6 9. b4 Nf5 10. c3 h5 11. Nbd2 f6 12. Nb3 fxe5 13. dxe5 Nh4 14. Nbd4 Nxf3+ 15. Nxf3 Qc7 16. Bf4 Be7 17. Bd3 Bf7 18. Qc2 0-0-0 19. Rfe1 Rdf8 20. Qd2 Kb8 21. Bg5 Qd8 22. c4 Bg8 23. Bxe7 Qxe7 24. cxd5 exd5 25. Nd4 Ka8 26. Rab1 Bh7 27. Bxh7 Rxh7 28. Qd3 Rh6 29. e6 Nb8 30. Nf5 Rxf5 31. Qxf5 Rf6 32. Qg5 c5 33. bxc5 d4 34. Qd5 Nc6 35. Rb6 Ka7 36. Rxc6 bxc6 37. Qd7+ 1-0

[Event "Titled Tuesday intern op 13th Jun Early"]
[Site "Chess.com INT"]
[Date "2023.06.13"]
[Round "2"]
[White "Maevsky, Nikolay"]
[Black "Acikel, Mert"]
[Result "1-0"]
[WhiteElo "2277"]
[BlackElo "2222"]
[PlyCount "43"]
[EventDate "2023.06.13"]
[EventType "swiss (blitz)"]
[EventRounds "11"]
[EventCountry "USA"]
[SourceTitle "EXT 2024"]
[Source "ChessBase"]
[SourceDate "2023.10.10"]
[SourceVersion "1"]
[SourceVersionDate "2023.10.10"]
[SourceQuality "1"]

1. d4 d5 2. Nf3 Nf6 3. e3 e6 4. Bd3 Be7 5. b3 0-0 6. Bb2 b6 7. Nbd2 Bb7 8. 0-0 Ne4 9. c4 Nd7 10. Rc1 Ndf6 11. Qe2 dxc4 12. Nxc4 a6 13. Rfd1 h6 14. Nce5 Bd6 15. Nc6 Qe8 16. Nfe5 Bxe5 17. Nxe5 c5 18. f3 Nd6 19. dxc5 bxc5 20. Ba3 Qb8 21. Bxc5 Rc8 22. Bxd6 1-0

[Event "Titled Tuesday intern op 03rd Jan Early"]
[Site "Chess.com INT"]
[Date "2023.01.03"]
[Round "3"]
[White "Maevsky, Nikolay"]
[Black "Buscar, Michael"]
[Result "1-0"]
[WhiteElo "2284"]
[BlackElo "2041"]
[PlyCount "63"]
[EventDate "2023.01.03"]
[EventType "swiss (blitz)"]
[EventRounds "11"]
[EventCountry "USA"]
[SourceTitle "EXT 2024"]
[Source "ChessBase"]
[SourceDate "2023.10.10"]
[SourceVersion "1"]
[SourceVersionDate "2023.10.10"]
[SourceQuality "1"]

1. d4 d5 2. Nf3 Bg4 3. c4 e6 4. Bf4 Nd7 5. e3 Ngf6 6. Be2 Bd6 7. Bg3 0-0 8. Nc3 dxc4 9. Bxc4 Nb6 10. Be2 Nbd5 11. 0-0 Nxc3 12. bxc3 Bxg3 13. hxg3 c5 14. Rb1 cxd4 15. cxd4 Qd5 16. Qb3 b6 17. Bc4 Qh5 18. Ne5 Be2 19. Rfc1 Rfc8 20. Bxe6 Rxc1+ 21. Rxc1 fxe6 22. Qxe6+ Kf8 23. Rc7 Re8 24. Rf7+ Kg8 25. Re7+ Kf8 26. Rf7+ Kg8 27. Qb3 Bd1 28. Qc4 Be2 29. Qc7 Bb5 30. Rxg7+ Kf8 31. Rf7+ Kg8 32. f3 1-0

[Event "Titled Tuesday intern op 03rd Jan Early"]
[Site "Chess.com INT"]
[Date "2023.01.03"]
[Round "1"]
[White "Maevsky, Nikolay"]
[Black "Hartikainen, Jarmo"]
[Result "1-0"]
[WhiteElo "2284"]
[BlackElo "2118"]
[PlyCount "65"]
[EventDate "2023.01.03"]
[EventType "swiss (blitz)"]
[EventRounds "11"]
[EventCountry "USA"]
[SourceTitle "EXT 2024"]
[Source "ChessBase"]
[SourceDate "2023.10.10"]
[SourceVersion "1"]
[SourceVersionDate "2023.10.10"]
[SourceQuality "1"]

1. d4 Nf6 2. Nf3 g6 3. c4 Bg7 4. Nc3 d5 5. cxd5 Nxd5 6. e4 Nxc3 7. bxc3 0-0 8. Rb1 c5 9. Be2 Qc7 10. 0-0 b6 11. Bg5 Bb7 12. Qd3 e6 13. Rfd1 Nd7 14. e5 Qc6 15. h4 h6 16. Be3 Rad8 17. Bf1 cxd4 18. cxd4 Nc5 19. Qa3 Qa4 20. Qc1 Ne4 21. Bxh6 Rc8 22. Qe3 Nc3 23. Bxg7 Kxg7 24. Re1 Nxb1 25. Rxb1 Bxf3 26. Qxf3 Qc2 27. Rd1 Rh8 28. g3 Qf5 29. Qe3 Rc2 30. Bd3 Qh3 31. Bxc2 g5 32. Qxg5+ Kf8 33. Be4 1-0

[Event "Titled Tuesday intern op 03rd Jan Early"]
[Site "Chess.com INT"]
[Date "2023.01.03"]
[Round "5"]
[White "Maevsky, Nikolay"]
[Black "Kaplan, Avi Harrison"]
[Result "1-0"]
[WhiteElo "2284"]
[BlackElo "2083"]
[PlyCount "121"]
[EventDate "2023.01.03"]
[EventType "swiss (blitz)"]
[EventRounds "11"]
[EventCountry "USA"]
[SourceTitle "EXT 2024"]
[Source "ChessBase"]
[SourceDate "2023.10.10"]
[SourceVersion "1"]
[SourceVersionDate "2023.10.10"]
[SourceQuality "1"]

1. d4 Nf6 2. Nf3 b5 3. Bf4 Bb7 4. e3 a6 5. Nbd2 e6 6. h3 c5 7. c3 Be7 8. Bd3 d6 9. 0-0 Nbd7 10. a4 b4 11. Re1 0-0 12. Bh2 Qc7 13. Rc1 Rfd8 14. cxb4 Qb6 15. bxc5 dxc5 16. Nc4 Qa7 17. Bc7 Rdc8 18. Bd6 Bd8 19. Nfe5 cxd4 20. exd4 Nb6 21. Bc5 a5 22. Nd6 Rcb8 23. Nb5 Qa6 24. Nc7 Qa7 25. Nxa8 Bxa8 26. Bb5 Rc8 27. f3 Qb7 28. Qd2 Nbd5 29. Nc4 Be7 30. Nxa5 Qc7 31. Bxe7 Qb8 32. Bxf6 Nxf6 33. Bc6 Bxc6 34. Nxc6 Qc7 35. Ne7+ Qxe7 36. Rxc8+ Ne8 37. Qc3 g6 38. Qc6 Kf8 39. Qc5 Qxc5 40. dxc5 Ke7 41. Rxe8+ Kxe8 42. b4 Kf8 43. h4 Kg7 44. c6 e5 45. b5 e4 46. c7 exf3 47. gxf3 h5 48. c8Q g5 49. hxg5 h4 50. Re8 h3 51. Rg8+ Kh7 52. Rh8+ Kg6 53. Qg8+ Kf5 54. Qxf7+ Ke5 55. Re8+ Kd4 56. Qd7+ Kc5 57. Qc6+ Kb4 58. Re4+ Kb3 59. Qc4+ Kb2 60. Re2+ Ka3 61. Ra2# 1-0

[Event "Titled Tuesday intern op 03rd Jan Early"]
[Site "Chess.com INT"]
[Date "2023.01.03"]
[Round "11"]
[White "Maevsky, Nikolay"]
[Black "Szyszylo, Rafal"]
[Result "1-0"]
[WhiteElo "2284"]
[BlackElo "2093"]
[PlyCount "91"]
[EventDate "2023.01.03"]
[EventType "swiss (blitz)"]
[EventRounds "11"]
[EventCountry "USA"]
[SourceTitle "EXT 2024"]
[Source "ChessBase"]
[SourceDate "2023.10.10"]
[SourceVersion "1"]
[SourceVersionDate "2023.10.10"]
[SourceQuality "1"]

1. Nf3 g6 2. d4 Nf6 3. c4 Bg7 4. Nc3 0-0 5. e4 d6 6. Be2 Na6 7. Bf4 Bg4 8. Qd2 Nd7 9. h4 Bxf3 10. gxf3 e5 11. Bg5 f6 12. Be3 f5 13. Bg5 Qe8 14. d5 f4 15. h5 h6 16. Bxh6 Bxh6 17. hxg6 Qxg6 18. 0-0-0 Kh7 19. Rdg1 Qf6 20. Rg4 Rg8 21. Rgh4 Rg6 22. Bf1 Rag8 23. Kc2 Nf8 24. Rh5 Kg7 25. Nb5 Bg5 26. Bh3 Rh6 27. Bf5 Rgh8 28. Rxh6 Rxh6 29. Rg1 Rh2 30. Nxa7 Qh6 31. Bc8 Qh4 32. Rf1 Nc5 33. b4 Ncd7 34. Bxb7 Qh3 35. Qe2 Bh4 36. Kb3 Qg2 37. Nb5 Bxf2 38. Nxc7 Bd4 39. Qxg2+ Rxg2 40. Ne8+ Kh6 41. Nxd6 Rb2+ 42. Ka4 Rxa2+ 43. Kb5 Ng6 44. Nf5+ Kg5 45. c5 Kf6 46. Bc8 1-0

[Event "Titled Tuesday intern op 31st May Early"]
[Site "Chess.com INT"]
[Date "2022.05.31"]
[Round "4"]
[White "Polster, Christian"]
[Black "Maevsky, Nikolay"]
[Result "0-1"]
[WhiteElo "2236"]
[BlackElo "2337"]
[PlyCount "64"]
[EventDate "2022.05.31"]
[EventType "swiss (blitz)"]
[EventRounds "11"]
[EventCountry "USA"]
[SourceTitle "CBM 208 Extra"]
[Source "ChessBase"]
[SourceDate "2022.07.31"]
[SourceVersion "1"]
[SourceVersionDate "2022.07.31"]
[SourceQuality "1"]

1. e4 e5 2. Nf3 Nf6 3. Bc4 Nxe4 4. Nc3 Nxc3 5. dxc3 f6 6. Nh4 g6 7. f4 c6 8. f5 d5 9. fxg6 dxc4 10. Qh5 Kd7 11. gxh7 Kc7 12. Ng6 Qe8 13. Rf1 Bg7 14. Be3 Be6 15. 0-0-0 Bf7 16. Bc5 Bxg6 17. Bd6+ Kb6 18. Qg4 Ka6 19. Qxc4+ b5 20. Qb4 Kb7 21. a4 a6 22. c4 Rxh7 23. cxb5 axb5 24. axb5 Ra1+ 25. Kd2 Bh6+ 26. Kc3 Rxd1 27. Rxd1 cxb5 28. Rd5 Qc6+ 29. Rc5 Qxd6 30. Rxb5+ Kc7 31. Rb7+ Kc8 32. Rb6 Qc7+ 0-1

[Event "Titled Tuesday intern op 31st May Early"]
[Site "Chess.com INT"]
[Date "2022.05.31"]
[Round "7"]
[White "Vinod, R Sharna"]
[Black "Maevsky, Nikolay"]
[Result "1-0"]
[WhiteElo "2173"]
[BlackElo "2337"]
[PlyCount "117"]
[EventDate "2022.05.31"]
[EventType "swiss (blitz)"]
[EventRounds "11"]
[EventCountry "USA"]
[SourceTitle "CBM 208 Extra"]
[Source "ChessBase"]
[SourceDate "2022.07.31"]
[SourceVersion "1"]
[SourceVersionDate "2022.07.31"]
[SourceQuality "1"]

1. e4 e5 2. Nf3 Nf6 3. Nxe5 Nc6 4. Nxc6 dxc6 5. f3 Nh5 6. g3 Bd6 7. d4 0-0 8. Bg2 f5 9. e5 Be7 10. f4 g6 11. Be3 Be6 12. Qe2 Ng7 13. c4 Qd7 14. Nc3 Bb4 15. d5 cxd5 16. cxd5 Bxd5 17. 0-0-0 c6 18. Nxd5 cxd5 19. Rxd5 Rac8+ 20. Kb1 Qa4 21. Rd4 Qa5 22. Rd7 b6 23. Rhd1 Kh8 24. Qd3 Ne6 25. Qd5 Qxd5 26. Bxd5 Nc7 27. Bb3 Rfe8 28. e6 Be7 29. Bd4+ Kg8 30. Be5 Na6 31. Rxa7 Nc5 32. Rdd7 Kf8 33. Rxe7 Rxe7 34. Bd6 Rce8 35. Bd5 g5 36. Bc6 Kg7 37. Bxe7 Rc8 38. Bxc5+ Kg6 39. e7 bxc5 40. e8Q+ Rxe8 41. Bxe8+ Kf6 42. Rf7+ Ke6 43. fxg5 f4 44. h4 fxg3 45. Rf3 g2 46. Rg3 Ke7 47. Bh5 g1Q+ 48. Rxg1 c4 49. Rf1 Ke6 50. Bg4+ Ke5 51. h5 Kd4 52. g6 c3 53. gxh7 c2+ 54. Kxc2 Ke3 55. h8Q Ke4 56. Qf6 Ke3 57. Qf3+ Kd4 58. Rd1+ Ke5 59. Qf5# 1-0